000 00289nam a22001337a 4500
008 170620b xxu||||| |||| 00| 0 eng d
020 _a039309040
041 _aeng
080 _a32
100 _a20
101 _aSHP
245 _aTHE MARX ENGEL READER
_cTUEKER.R.C
942 _2udc
_cBK
999 _c18282
_d18282